| Tag |
First Indicator |
Second Indicator |
Subfields |
| LEADER |
00000cam a2200000 a 4500 |
| 001 |
in00002811397 |
| 005 |
20151203084426.0 |
| 008 |
120726s2013 enka b 000 0 eng d |
| 020 |
|
|
|a 1842657690
|
| 020 |
|
|
|a 9781842657690
|
| 035 |
|
|
|a (OCoLC)ocn801929141
|
| 040 |
|
|
|a YDXCP
|c YDXCP
|d YNK
|d CDX
|d BWX
|d DAY
|d TXA
|d UtOrBLW
|
| 049 |
|
|
|a TXAM
|
| 082 |
0 |
|
|a 515.2433
|
| 090 |
|
|
|a QA403.3
|b .Y36 2013
|
| 100 |
1 |
|
|a Yajnik, Archit.
|
| 245 |
1 |
0 |
|a Wavelet analysis and its applications :
|b an introduction /
|c Archit Yajnik.
|
| 264 |
|
1 |
|a Oxford :
|b Alpha Science,
|c [2013]
|
| 264 |
|
4 |
|c ©2013
|
| 300 |
|
|
|a 1 volume (various pagings) :
|b illustrations ;
|c 25 cm.
|
| 336 |
|
|
|a text
|b txt
|2 rdacontent
|
| 337 |
|
|
|a unmediated
|b n
|2 rdamedia
|
| 338 |
|
|
|a volume
|b nc
|2 rdacarrier
|
| 504 |
|
|
|a Includes bibliographical references and index.
|
| 520 |
|
|
|a Demonstrates the consequences of Fourier analysis and introduces the concept of wavelet followed by applications.
|
| 650 |
|
0 |
|a Wavelets (Mathematics)
|
| 945 |
|
|
|a PromptCat
|
| 948 |
|
|
|a cataloged
|b h
|c 2013/3/5
|d c
|e dmitchel
|f 3:10:20 pm
|
| 994 |
|
|
|a C0
|b TXA
|
| 999 |
|
|
|a MARS
|
| 999 |
f |
f |
|s 90ee87d2-0ed3-3cd0-97b6-24580cea21d4
|i ab90cb18-aa86-3630-9876-adbaa78f7843
|t 0
|
| 952 |
f |
f |
|p normal
|a Texas A&M University
|b College Station
|c Sterling C. Evans Library
|d Evans: Library Stacks
|t 0
|e QA403.3 .Y36 2013
|h Library of Congress classification
|i unmediated -- volume
|m A14835908620
|
| 998 |
f |
f |
|a QA403.3 .Y36 2013
|t 0
|l Evans: Library Stacks
|